000
00229nam a22001097a 4500
082
_a
539.7 BRI'N
100
_a
BRINK, D.M
_9
80506
245
_a
NUCLEAR FORCES
260
_a
OXFORD
_b
PERGAMON
_c
1965
300
_a
232P
942
_c
BK
999
_c
585431
_d
585431